000 00320nam a22001457a 4500
008 230515b ||||| |||| 00| 0 eng d
020 _a9780394704623
041 _aeng
080 _a159.9
082 _a159.9PIA
100 _a25
101 _aPSI
245 _aSIX PSYCHOLOGICAL STUDIES
_cPIAGET J
942 _2udc
_cBK
999 _c59717
_d59717